[Event "Madrid Alcorcon op 1st"]
[Site "Madrid"]
[Date "2022.12.27"]
[Round "3"]
[White "Palacios Sanchez, Victor"]
[Black "Jiang, Brandon"]
[Result "0-1"]
[WhiteElo "1632"]
[BlackElo "2201"]
[PlyCount "124"]
[EventDate "2022.12.26"]
[EventType "swiss"]
[EventRounds "9"]
[EventCountry "ESP"]
[SourceTitle "CBM 212 Extra"]
[Source "ChessBase"]
[SourceDate "2023.03.31"]
[SourceVersion "1"]
[SourceVersionDate "2023.03.31"]
[SourceQuality "1"]

1. e4 e5 2. Nf3 Nc6 3. d4 exd4 4. Nxd4 g6 5. Nc3 Bg7 6. Be3 d6 7. Nxc6 bxc6 8. Bc4 Nf6 9. f3 0-0 10. 0-0 Re8 11. Re1 Be6 12. Bxe6 Rxe6 13. Qd2 Qb8 14. Rab1 Qb7 15. Na4 Nd7 16. c4 Nb6 17. Qb4 c5 18. Qb3 Qa6 19. Nxb6 axb6 20. a3 Ree8 21. Bd2 Qa4 22. Qxa4 Rxa4 23. Rec1 Rb8 24. b4 Rxa3 25. b5 Rba8 26. Kf1 Kf8 27. Rc2 Bd4 28. Rbc1 Ke7 29. Ke2 Kd7 30. Kd1 R8a4 31. Ke2 Rb3 32. h3 c6 33. bxc6+ Kxc6 34. g4 b5 35. cxb5+ Kxb5 36. Bc3 Bxc3 37. Rxc3 Ra2+ 38. Kd1 Rbb2 39. Re3 Rh2 40. f4 Rh1+ 41. Re1 Rxe1+ 42. Kxe1 Ra4 43. e5 dxe5 44. fxe5 Re4+ 45. Kd2 Rxe5 46. Kd3 Re7 47. Rb1+ Kc6 48. Kc4 Re4+ 49. Kd3 Kd5 50. Rb7 c4+ 51. Kd2 Ke6 52. Rb5 f5 53. gxf5+ gxf5 54. Rc5 Kf6 55. Rc8 h5 56. Rg8 h4 57. Rc8 Ke5 58. Re8+ Kf4 59. Rf8 Re3 60. Rc8 c3+ 61. Kd1 Rxh3 62. Rc4+ Kg5 0-1

[Event "Oviedo op 8th"]
[Site "Oviedo"]
[Date "2022.07.18"]
[Round "2"]
[White "Iglesias Alvarez, Luis"]
[Black "Palacios Sanchez, Victor"]
[Result "0-1"]
[WhiteElo "1267"]
[BlackElo "1648"]
[PlyCount "56"]
[EventDate "2022.07.17"]
[EventType "swiss"]
[EventRounds "9"]
[EventCountry "ESP"]
[SourceTitle "CBM 209 Extra"]
[Source "ChessBase"]
[SourceDate "2022.09.30"]
[SourceVersion "1"]
[SourceVersionDate "2022.09.30"]
[SourceQuality "1"]

1. e4 c5 2. Nf3 e6 3. g3 Nc6 4. Bg2 Nf6 5. Qe2 Be7 6. e5 Nd5 7. 0-0 d6 8. exd6 Qxd6 9. Rd1 e5 10. h3 0-0 11. Nxe5 Nxe5 12. d4 cxd4 13. Rxd4 Be6 14. Bf4 Nxf4 15. Rxf4 Bf6 16. Nc3 Ng6 17. Ra4 Bxc3 18. bxc3 Qc5 19. Rd1 Rad8 20. Rdd4 Qxc3 21. Re4 Rd2 22. Qb5 Qa1+ 23. Kh2 Rxf2 24. Qxb7 Rd8 25. Rxa7 Rxg2+ 26. Kxg2 Rd2+ 27. Kf3 Qf1+ 28. Ke3 Qf2# 0-1

[Event "Madrid-ch Previa-B"]
[Site "Madrid"]
[Date "2022.03.18"]
[Round "6"]
[White "Palacios Sanchez, Victor"]
[Black "Corchon Granero, Mateo"]
[Result "1/2-1/2"]
[WhiteElo "1658"]
[BlackElo "1491"]
[PlyCount "94"]
[EventDate "2022.03.03"]
[EventType "swiss"]
[EventRounds "9"]
[EventCountry "ESP"]
[SourceTitle "EXT 2023"]
[Source "ChessBase"]
[SourceDate "2022.10.05"]
[SourceVersion "1"]
[SourceVersionDate "2022.10.05"]
[SourceQuality "1"]

1. e4 e5 2. Nf3 Nc6 3. d4 exd4 4. Nxd4 Nf6 5. Nxc6 bxc6 6. e5 Qe7 7. Qe2 Nd5 8. c4 Nb6 9. b3 a5 10. Ba3 d6 11. f4 Qe6 12. Nd2 Be7 13. Nf3 c5 14. Qe4 Rb8 15. Bd3 Bb7 16. Qe2 g6 17. 0-0 0-0 18. Qc2 f5 19. Rae1 Rfe8 20. exd6 Qxd6 21. Rd1 Qxf4 22. Bb2 Rf8 23. Rfe1 Bf6 24. Bc1 Qg4 25. Re3 Bxf3 26. Rxf3 Bd4+ 27. Kh1 Qh4 28. Bf4 Qe7 29. Rg3 Qf7 30. Bh6 Bg7 31. Bxg7 Qxg7 32. Be2 Rbd8 33. Rgd3 Qe7 34. Bf3 Rfe8 35. h3 Qh4 36. Rxd8 Rxd8 37. Rxd8+ Qxd8 38. Qf2 Qd6 39. Qe3 Nd7 40. Qe8+ Kg7 41. Bd5 Nf6 42. Qf7+ Kh6 43. Bf3 Ne4 44. Kg1 Qd4+ 45. Kh2 Qe5+ 46. Kg1 Qd4+ 47. Kh2 Qe5+ 1/2-1/2

[Event "Madrid-ch Previa-B"]
[Site "Madrid"]
[Date "2018.02.24"]
[Round "9"]
[White "Garcia Guitian, Angel"]
[Black "Palacios Sanchez, Victor"]
[Result "1/2-1/2"]
[WhiteElo "1816"]
[BlackElo "1387"]
[PlyCount "100"]
[EventDate "2018.02.01"]
[EventType "swiss"]
[EventRounds "9"]
[EventCountry "ESP"]
[SourceTitle "EXT 2020"]
[Source "ChessBase"]
[SourceDate "2019.10.17"]
[SourceVersion "1"]
[SourceVersionDate "2019.10.17"]
[SourceQuality "1"]

1. c4 c5 2. Nc3 Nf6 3. g3 e6 4. Bg2 d5 5. cxd5 exd5 6. d4 Be6 7. Nf3 Nc6 8. 0-0 cxd4 9. Nxd4 Nxd4 10. Qxd4 a6 11. Rd1 Qa5 12. Bg5 Bc5 13. Qe5 Bxf2+ 14. Kf1 Ng4 15. Qd6 Qc5 16. Qxc5 Bxc5 17. h3 Ne3+ 18. Bxe3 Bxe3 19. Nxd5 Bxd5 20. Rxd5 0-0 21. Rd7 Rae8 22. Bxb7 Re6 23. Rad1 Rf6+ 24. Bf3 Bc5 25. Rd8 a5 26. Rxf8+ Kxf8 27. Rd5 Bb6 28. Ke1 Rc6 29. Rd8+ Bxd8 30. Bxc6 Ke7 31. Kd2 Kd6 32. Be4 h5 33. Bf3 h4 34. gxh4 Bxh4 35. Kd3 Ke5 36. Bc6 f5 37. Kc4 Kf4 38. Bd7 Ke3 39. Bxf5 Kxe2 40. b4 axb4 41. Kxb4 Ke3 42. a4 Kf4 43. Bg4 Ke5 44. a5 Kd6 45. a6 Kc6 46. Bf3+ Kb6 47. Bb7 Bg5 48. Kc4 Bc1 49. Kd5 g5 50. Ke4 Bd2 1/2-1/2